| 000 | 00828nam a2200229Ia 4500 | ||
|---|---|---|---|
| 005 | 20260430150730.0 | ||
| 008 | 008 250103s9999 xx 000 0 hin d | ||
| 037 | _aTheses | ||
| 040 | _aCRL | ||
| 040 | _bhin | ||
| 040 | _chin | ||
| 041 | _2hin | ||
| 041 | _ahin | ||
| 084 | _qCRL | ||
| 100 |
_aहाशमी, सबा, ले. _9864634 |
||
| 245 | 0 | _aहिन्दुस्तानी संगीत की टप्पा गायन विधा: उत्पत्ति, विकास एवं वर्तमान स्वरूप | |
| 260 | _c2022 | ||
| 300 | _a172पृ0 | ||
| 700 | _aदिल्ली विश्वविद्यालय. संगीत एवं ललित कला संकाय. संगीत विभाग | ||
| 942 | _cTH | ||
| 999 |
_c1850500 _d1850500 |
||